000 00537nam a22001937a 4500
003 MPLRDC
005 20220104125003.0
008 210129b ||||| |||| 00| 0 eng d
020 _a978-7-5391-4427-6
082 _a859.9 WDDY-4 v.3
100 _a道奇胜 文、图
245 _a百问百答: 宇宙
_c王向阳 译
250 _a一版三刷
260 _a中国
_b二十一世纪出版社
_c2009
300 _b203
490 _a我的第一本爆笑知识漫画书: 3
650 _a儿童文学
942 _cBK
_o859.9 WDDY-4 v.3
999 _c23725
_d23715